000
00339nam a22001457a 4500
008
230316b ||||| |||| 00| 0 eng d
020
_a
9780131134447
041
_a
eng
080
_2
SECOND EDITION
_a
616.31
082
_a
616.31NAT
100
_a
12
101
_a
STOMA
245
_a
DENTAL PUBLIC HEALTH
_c
NATHE. N. CH
942
_2
udc
_c
BK
999
_c
59362
_d
59362